Normal view
MARC view
- DE-MECH-32
Entry Topical Term
001 - CONTROL NUMBER
- control field: 71679
003 - CONTROL NUMBER IDENTIFIER
- control field: NUST
005 - DATE AND TIME OF LATEST TRANSACTION
- control field: 20210628204651.0
008 - FIXED-LENGTH DATA ELEMENTS
- fixed length control field: 210628|| aca||aabn | a|a d
040 ## - CATALOGING SOURCE
- Original cataloging agency: NUST
- Transcribing agency: NUST
150 ## - HEADING--TOPICAL TERM
- Topical term or geographic name entry element: DE-MECH-32
670 ## - SOURCE DATA FOUND
- Source citation: Work cat.: (NUST): WAQAS,MUNAM,MUNEEB,RAJA AMIR AZIM 71678, PR-SOF-1361-DESIGN AND FABRICATION OF MULTI PURPOSE FOUR WHEELED PLATFORM, 2001
